| 000 | 00695nam a22002177a 4500 | ||
|---|---|---|---|
| 005 | 20230121125016.0 | ||
| 008 | 220930b ||||| |||| 00| 0 eng d | ||
| 020 | _a9789385439766 | ||
| 040 |
_aIN-DiNC _cIN-DiNC |
||
| 041 | _dasm | ||
| 082 |
_a934 _bGOS |
||
| 100 |
_aGoswami, Pankaj _eauthor |
||
| 245 |
_aBharatbarshar itihas (prachin jugar pora 1526 khristabdo)/ _cby Pankaj Goswami, Gita Rani Goswami and Raktim Jyoti Hazarika |
||
| 250 | _a1st ed. | ||
| 260 |
_aJorhat: _bBidya bhawan, _c2020. |
||
| 300 | _a488p. | ||
| 650 | _aHistory of India from the earliest times to 1526 | ||
| 700 |
_aGoswami, Gita Rani _eauthor |
||
| 700 |
_aHazarika, Raktim Jyoti _eauthor |
||
| 942 |
_2ddc _cBK |
||
| 999 |
_c11417 _d11417 |
||